000 00599nam a2200193Ia 4500
003 GCL
008 140319s9999 xx 000 0 ara d
040 _aGCL /
_cGCL
082 0 4 _a322.42
_bع ا
100 1 _aعبدالناصر حريز
245 1 0 _aالارهاب السياسى : دراسة تحليلية /
_cعبدالناصر حريز
300 _a263 ص
490 _aالهيئة العامة للاستعلامات
_v0
650 0 4 _aالقانون الجنائى
650 0 4 _aالارهاب
650 0 4 _aالجرائم السياسية
650 0 4 _aالعنف
942 _2ddc
_cBK
999 _c48123
_d48123